Cuestiones sobre la responsabilidad bancaria frente a la información errónea sobre clientes y terceros (Registro nro. 21011)
[ vista simple ]
| 000 -LEADER | |
|---|---|
| fixed length control field | 00397 a2200109 4500 |
| 001 - CONTROL NUMBER | |
| control field | ART_42167 |
| 005 - DATE AND TIME OF LATEST TRANSACTION | |
| control field | 20260410161806.0 |
| 008 - FIXED-LENGTH DATA ELEMENTS--GENERAL INFORMATION | |
| fixed length control field | 260409a |
| 100 1# - MAIN ENTRY--PERSONAL NAME | |
| Personal name | Camerini, Marcelo A. |
| 245 10 - TITLE STATEMENT | |
| Title | Cuestiones sobre la responsabilidad bancaria frente a la información errónea sobre clientes y terceros |
| 773 0# - HOST ITEM ENTRY | |
| Title | Doctrina Societaria y Concursal |
| Related parts | - Nº 301 (dic. 2012) |
| Record control number | REV4298 |
No hay ítems disponibles.